000 00611nam a2200229Ia 4500
003 OSt
005 20221006164845.0
006 a|||||r|||| 00| 0
007 ta
008 221006b |||||||| |||| 00| 0 eng d
024 _a2,278
037 _cTextual
040 _aFML
_cFML
_beng
041 _2eng
_aeng
082 _aR5, P5
100 _aRao B. Trupati Au.
_9678500
245 0 _aAesthetics
_b Modern and Post Modern
260 _aNew Delhi
_bBharatiya Kala Prakashan
_c2005
300 _a287
_ccm.
942 _hR5, P5
_cTEXL
_2CC
999 _c1118720
_d1118720